| 000 | 00478nam a2200169Ia 4500 | ||
|---|---|---|---|
| 001 | 30632 | ||
| 008 | 170213s1987 ii g b000 u 346 u | ||
| 082 | _a891.4408 | ||
| 100 |
_aBandopadhya, Sudhir Kr.., _eAuthor. |
||
| 245 | 0 |
_aBanglar Manisha Vol. 2 / _cSudhir Kr. Bandopadhya. _hTextual Documents |
|
| 250 | _a1st ed. / | ||
| 260 |
_aCalcutta : _bSarat Publishing House , _c1987. |
||
| 300 |
_a463p. ; _c22cm. |
||
| 653 | _aBengali | ||
| 653 | _aG-Bengali | ||
| 942 |
_2ddc _cBK |
||
| 999 |
_c30614 _d30614 |
||